00539nam a2200193Ia 4500003000400000005001700004008004100021040000700062041000800069082001300077100002300090245002200113260001700135300000900152650002200161942001300183999001900196952013000215OSt20251115115536.0250729s2005 xx 000 0 und d cAL aeng a910 MALG aMallappa P9224416 aGeography (I PUC) aMysorec2005 a278p aGeography9224417 2ddccBED c236395d236395 00104070aALbALd2025-07-29eSchool Book Companyg90.00l0o910 MALGpBED01714r2025-07-29 16:54:48v90.00w2025-07-29yBK